000
00287nam a22001337a 4500
008
170807b xxu||||| |||| 00| 0 eng d
020
_a
9780078224898
041
_a
eng
080
_a
004
100
_a
33
101
_a
SHK
245
_a
TECHNOLOGY IN ACTION
_c
THODE,B
942
_2
udc
_c
BK
999
_c
22801
_d
22801